<?xml version="1.0" encoding="UTF-8"?>
<marc:record xmlns:marc="http://www.loc.gov/MARC21/slim">
   <marc:leader>00000nam a2200000 a 4500</marc:leader>
   <marc:datafield ind1="1" ind2=" " tag="100">
      <marc:subfield code="a">Holzer, Florian</marc:subfield>
      <marc:subfield code="4">aut</marc:subfield>
      <marc:subfield code="e">Verfasser/-in</marc:subfield>
   </marc:datafield>
   <marc:datafield ind1="1" ind2=" " tag="100">
      <marc:subfield code="a">Pessl, Rupert</marc:subfield>
   </marc:datafield>
   <marc:datafield ind1=" " ind2=" " tag="653">
      <marc:subfield code="a">Radfahren</marc:subfield>
   </marc:datafield>
   <marc:datafield ind1=" " ind2=" " tag="653">
      <marc:subfield code="a">Gastronomie</marc:subfield>
   </marc:datafield>
   <marc:datafield ind1=" " ind2=" " tag="653">
      <marc:subfield code="a">Wien</marc:subfield>
   </marc:datafield>
   <marc:datafield ind1=" " ind2=" " tag="653">
      <marc:subfield code="a">Burgenland</marc:subfield>
   </marc:datafield>
   <marc:datafield ind1=" " ind2=" " tag="653">
      <marc:subfield code="a">Niederösterreich</marc:subfield>
   </marc:datafield>
   <marc:datafield ind1="0" ind2="0" tag="245">
      <marc:subfield code="a">Genussradln rund um Wien</marc:subfield>
   </marc:datafield>
   <marc:datafield ind1="0" ind2="0" tag="245">
      <marc:subfield code="b">kulinarische Genüsse mit dem Fahrrad erkunden</marc:subfield>
   </marc:datafield>
   <marc:datafield ind1="0" ind2="0" tag="245">
      <marc:subfield code="c">Florian Holzer. Fotografie: Rupert Pessl</marc:subfield>
   </marc:datafield>
   <marc:datafield ind1=" " ind2="1" tag="264">
      <marc:subfield code="a">Wien ; Graz ; Klagenfurt</marc:subfield>
      <marc:subfield code="b">Styria Verl.</marc:subfield>
      <marc:subfield code="c">2022</marc:subfield>
   </marc:datafield>
   <marc:datafield ind1="1" ind2=" " tag="520">
      <marc:subfield code="a">Ein Stück Himmel wartet auf alle, die sich aufmachen, die kulinarischen Genüsse rund um Wien zu erkunden. Hier finden sich Gasthöfe mit Persönlichkeit und Familienbetriebe, in denen das Herz zahlreicher Generationen steckt. Der Gastro-Kritiker und Vintage-Rad-Aficionado Florian Holzer lädt uns zu einem einmaligen Erlebnis ein: Zuerst genießen wir auf zwei Rädern die Landschaft, dann machen wir es uns im Gastgarten eines urigen Lokals gemütlich, während wir alfresco dinieren &#x96; unter uns die Donau, die Weinberge, oder gar die knospende Blüte der Wachau. Insgesamt 15 Touren laden zur Erkundung von Niederösterreich und dem Burgenland ein. Untermalt werden diese von Geschichten und Geschichte rund um Region, Land und Leute &#x96; so sinnlich kann Radfahren sein!</marc:subfield>
   </marc:datafield>
   <marc:datafield ind1=" " ind2=" " tag="020">
      <marc:subfield code="a">9783222137075</marc:subfield>
      <marc:subfield code="9">9783222137075</marc:subfield>
   </marc:datafield>
   <marc:datafield ind1=" " ind2=" " tag="020">
      <marc:subfield code="a">3222137072</marc:subfield>
      <marc:subfield code="9">3222137072</marc:subfield>
   </marc:datafield>
   <marc:datafield ind1=" " ind2=" " tag="300">
      <marc:subfield code="a">205 S. : Ill.</marc:subfield>
   </marc:datafield>
</marc:record>
